[Event "Pune Maharashtra op 1st"]
[Site "Pune"]
[Date "2022.06.02"]
[Round "4"]
[White "Sangma, Rahul"]
[Black "Stupak, Kirill"]
[Result "1/2-1/2"]
[WhiteElo "2232"]
[BlackElo "2440"]
[PlyCount "158"]
[EventDate "2022.05.31"]
[EventType "swiss"]
[EventRounds "11"]
[EventCountry "IND"]
[SourceTitle "CBM 208 Extra"]
[Source "ChessBase"]
[SourceDate "2022.07.31"]
[SourceVersion "1"]
[SourceVersionDate "2022.07.31"]
[SourceQuality "1"]

1. c4 g6 2. Nf3 Bg7 3. e4 c5 4. d4 cxd4 5. Nxd4 Nc6 6. Be3 Nf6 7. Nc3 0-0 8. Be2 d6 9. 0-0 a6 10. Rc1 Bd7 11. Qd2 Nxd4 12. Bxd4 Bc6 13. f3 Nd7 14. Be3 a5 15. b3 Nc5 16. Rfd1 Qb6 17. Nd5 Bxd5 18. cxd5 Qb4 19. Kf1 Rfc8 20. Rc2 h5 21. g3 Kh7 22. Rdc1 Qxd2 23. Bxd2 Rcb8 24. Rb1 Rc8 25. Be1 Nd7 26. Rbc1 Rxc2 27. Rxc2 Nc5 28. Bb5 Bf6 29. Bf2 Kg7 30. Bxc5 dxc5 31. Rxc5 Be5 32. f4 Bd6 33. Rc2 Rd8 34. a4 f6 35. Re2 Bc5 36. Rc2 Bd6 37. Kg2 h4 38. Re2 Bb8 39. Bc4 hxg3 40. hxg3 Bd6 41. Kf3 Bc5 42. e5 Rf8 43. Kg4 fxe5 44. Rxe5 Bd6 45. Re2 Rf5 46. Re6 Rf6 47. Kg5 Rf5+ 48. Kg4 Rf6 49. Re1 Rf5 50. Re2 Kh6 51. Re6 Rf6 52. Re4 Rf5 53. Kf3 Rf6 54. Kg4 Rf5 55. Rd4 Bc5 56. Rd2 Bd6 57. Rd1 Kg7 58. Rh1 Bc5 59. Rh2 Bd6 60. Kf3 Rh5 61. Re2 Rf5 62. Re4 Kh6 63. g4 Rf8 64. g5+ Kg7 65. Bd3 b6 66. Kg4 Rf5 67. Rd4 Bc5 68. Re4 Rxd5 69. Bc4 Rd1 70. Re6 Rd4 71. Kf3 Bd6 72. Re4 Rxe4 73. Kxe4 Bb4 74. Be6 Bd2 75. Bc4 Bc1 76. Ke5 Bb2+ 77. Ke4 Bc1 78. Ke5 Bb2+ 79. Ke4 Bc1 1/2-1/2

[Event "Bhubaneswar op-A 13th"]
[Site "Bhubaneswar"]
[Date "2022.05.27"]
[Round "8"]
[White "Azaladze, Shota"]
[Black "Sangma, Rahul"]
[Result "1-0"]
[WhiteElo "2420"]
[BlackElo "2232"]
[PlyCount "85"]
[EventDate "2022.05.22"]
[EventType "swiss"]
[EventRounds "10"]
[EventCountry "IND"]
[SourceTitle "CBM 208 Extra"]
[Source "ChessBase"]
[SourceDate "2022.07.31"]
[SourceVersion "1"]
[SourceVersionDate "2022.07.31"]
[SourceQuality "1"]

1. Nf3 d5 2. g3 Bg4 3. Bg2 c6 4. 0-0 Nd7 5. d3 Ngf6 6. Nbd2 e5 7. e4 dxe4 8. dxe4 Bc5 9. h3 Be6 10. Ng5 Qe7 11. Qe2 0-0 12. Nxe6 Qxe6 13. Kh2 a5 14. f4 exf4 15. gxf4 Nd5 16. Nf3 f5 17. Ng5 Qe7 18. e5 Nc7 19. Bd2 Ne6 20. Qc4 Rfe8 21. h4 h6 22. Qxe6+ Qxe6 23. Nxe6 Rxe6 24. Bh3 g6 25. h5 a4 26. hxg6 Rf8 27. b4 axb3 28. axb3 Rxg6 29. b4 Bb6 30. Rad1 Rf7 31. c4 Nf8 32. c5 Bd8 33. Be3 Ne6 34. Rg1 Rxg1 35. Rxg1+ Kh7 36. Rd1 Bc7 37. Kg2 Ng7 38. Kf3 Kg8 39. Bf1 Kf8 40. Bc4 Re7 41. Rg1 Rd7 42. Rg6 h5 43. Rh6 1-0

[Event "IND-ch Blitz"]
[Site "Nashik"]
[Date "2022.04.30"]
[Round "9"]
[White "Vaibhav, Jayant Raut"]
[Black "Sangma, Rahul"]
[Result "1-0"]
[WhiteElo "2140"]
[BlackElo "2250"]
[PlyCount "125"]
[EventDate "2022.04.30"]
[EventType "swiss (blitz)"]
[EventRounds "11"]
[EventCountry "IND"]
[SourceTitle "CBM 208 Extra"]
[Source "ChessBase"]
[SourceDate "2022.07.31"]
[SourceVersion "1"]
[SourceVersionDate "2022.07.31"]
[SourceQuality "1"]

1. c4 Nf6 2. g3 e5 3. Bg2 d5 4. cxd5 Nxd5 5. Nf3 Nc6 6. 0-0 Nb6 7. b3 e4 8. Ne1 Bf5 9. Nc3 Qe7 10. a4 a5 11. Nc2 Bg6 12. d4 exd3 13. exd3 Qd7 14. Re1+ Be7 15. Ba3 Nc8 16. Nd5 Nd6 17. Nd4 Nxd4 18. Rxe7+ Qxe7 19. Nxe7 Kxe7 20. Rc1 c6 21. h4 h5 22. Bc5 Ne6 23. Bb6 Ra6 24. Be3 Rd8 25. Qe1 f6 26. Bh3 Bf5 27. Bf1 Kf7 28. d4 Raa8 29. Be2 Nc7 30. Bxh5+ g6 31. Bf3 Re8 32. Qd1 Be4 33. Bf4 Rad8 34. Bxe4 Rxe4 35. Qf3 Rxd4 36. Be5 Nde8 37. Bxd4 Rxd4 38. h5 Nd5 39. Re1 Nd6 40. hxg6+ Kxg6 41. Re6 Kf7 42. Rxd6 Ke7 43. Rxd5 Rxd5 44. Qe3+ Kf7 45. Qb6 Rd7 46. Qxa5 Kg6 47. Qb6 Kf7 48. a5 Ke6 49. b4 Kf7 50. Kg2 Kg6 51. b5 cxb5 52. Qxb5 Re7 53. Qb1+ Kg7 54. Qb4 Rd7 55. Kf3 Kf7 56. Ke4 Re7+ 57. Qxe7+ Kxe7 58. Kd5 Kd7 59. f4 Ke7 60. g4 Kd7 61. Kc5 Kc7 62. g5 fxg5 63. fxg5 1-0

[Event "IND-ch Rapid"]
[Site "Nashik"]
[Date "2022.04.29"]
[Round "8"]
[White "Wagh, Suyog"]
[Black "Sangma, Rahul"]
[Result "1-0"]
[WhiteElo "2346"]
[BlackElo "2250"]
[PlyCount "71"]
[EventDate "2022.04.27"]
[EventType "swiss (rapid)"]
[EventRounds "9"]
[EventCountry "IND"]
[SourceTitle "CBM 208 Extra"]
[Source "ChessBase"]
[SourceDate "2022.07.31"]
[SourceVersion "1"]
[SourceVersionDate "2022.07.31"]
[SourceQuality "1"]

1. d4 Nf6 2. c4 e6 3. Nc3 Bb4 4. e3 0-0 5. Bd2 Re8 6. Nf3 b6 7. Bd3 Bb7 8. 0-0 a5 9. Qc2 d6 10. e4 e5 11. Rfe1 Nc6 12. d5 Ne7 13. b3 Bc8 14. a3 Bxc3 15. Bxc3 Nh5 16. b4 a4 17. c5 g6 18. Rac1 Rf8 19. Bb2 f5 20. Nd2 fxe4 21. Nxe4 Nf4 22. Bc4 bxc5 23. bxc5 Qd7 24. cxd6 cxd6 25. Nxd6 Ba6 26. Bxe5 Bxc4 27. Qxc4 Qg4 28. Bxf4 Rxf4 29. Ne4 Rc8 30. Nf6+ Kg7 31. Nxg4 Rfxc4 32. Rxe7+ Kf8 33. Rce1 Rxg4 34. d6 Rd4 35. d7 Rc1 36. Re8+ 1-0

[Event "IND-ch 58th"]
[Site "Kanpur"]
[Date "2022.02.25"]
[Round "2"]
[White "Sangma, Rahul"]
[Black "Sethuraman, SP."]
[Result "0-1"]
[WhiteElo "2286"]
[BlackElo "2619"]
[PlyCount "66"]
[EventDate "2022.02.25"]
[EventType "swiss"]
[EventRounds "11"]
[EventCountry "IND"]
[SourceTitle "CBM 207 Extra"]
[Source "ChessBase"]
[SourceDate "2022.05.31"]
[SourceVersion "1"]
[SourceVersionDate "2022.05.31"]
[SourceQuality "1"]

1. Nf3 d5 2. e3 Nf6 3. c4 e6 4. b3 b6 5. Bb2 Bb7 6. Nc3 Nbd7 7. d4 Bd6 8. cxd5 exd5 9. Qc2 a6 10. g3 Qe7 11. Bg2 0-0-0 12. 0-0-0 Kb8 13. Kb1 Rhe8 14. Rc1 Ne4 15. Ne1 c5 16. Nd3 g5 17. dxc5 bxc5 18. h4 h6 19. hxg5 hxg5 20. Rcd1 f5 21. g4 d4 22. Na4 dxe3 23. fxe3 fxg4 24. Rh6 g3 25. Bh3 Nf8 26. Rg1 g4 27. Bg2 Qg5 28. Rxd6 Rxd6 29. Naxc5 Nxc5 30. Nxc5 Qxe3 31. Bxb7 Qxg1+ 32. Bc1 Rd1 33. Nxa6+ Ka7 0-1

[Event "Moscow Aeroflot op-B"]
[Site "Moscow"]
[Date "2020.02.25"]
[Round "7"]
[White "Sangma, Rahul"]
[Black "Adocchio, Giampiero"]
[Result "1-0"]
[WhiteElo "2287"]
[BlackElo "2190"]
[PlyCount "53"]
[EventDate "2020.02.19"]
[EventType "swiss"]
[EventRounds "9"]
[EventCountry "RUS"]
[SourceTitle "CBM 195 Extra"]
[Source "ChessBase"]
[SourceDate "2020.05.31"]
[SourceVersion "1"]
[SourceVersionDate "2020.05.31"]
[SourceQuality "1"]

1. c4 Nf6 2. Nf3 e6 3. b3 d5 4. Bb2 Be7 5. g3 0-0 6. Bg2 b6 7. 0-0 c5 8. e3 Nc6 9. Nc3 Ba6 10. Qe2 Rc8 11. Ne1 Qd7 12. f4 Rfd8 13. Rf2 d4 14. Nb1 e5 15. fxe5 Nxe5 16. exd4 Neg4 17. Bh3 cxd4 18. Rxf6 gxf6 19. Qxg4+ Qxg4 20. Bxg4 Rc5 21. Ba3 Rg5 22. Bf3 Re8 23. Bxe7 Rxe7 24. Na3 Rf5 25. Kg2 Bb7 26. Bxb7 Rxb7 27. Nb5 1-0

[Event "Commonwealth-ch"]
[Site "New Delhi"]
[Date "2019.07.05"]
[Round "7"]
[White "Karthikeyan, Pandian"]
[Black "Sangma, Rahul"]
[Result "1-0"]
[WhiteElo "2445"]
[BlackElo "2298"]
[PlyCount "67"]
[EventDate "2019.06.30"]
[EventType "swiss"]
[EventRounds "9"]
[EventCountry "IND"]
[SourceTitle "CBM 191 Extra"]
[Source "ChessBase"]
[SourceDate "2019.09.30"]
[SourceVersion "1"]
[SourceVersionDate "2019.09.30"]
[SourceQuality "1"]

1. d4 Nf6 2. c4 Nc6 3. Nc3 e6 4. a3 d6 5. e4 g6 6. f4 e5 7. dxe5 dxe5 8. Qxd8+ Kxd8 9. fxe5 Ng4 10. Nf3 Be6 11. Bg5+ Be7 12. Bf4 Bc5 13. h3 Ne3 14. Na4 Bd4 15. Nxd4 Nxd4 16. Bxe3 Nc2+ 17. Kd2 Nxa1 18. Kc3 b6 19. Be2 Bd7 20. b3 Nxb3 21. Kxb3 c6 22. Bg5+ Kc7 23. Be7 h5 24. Bd6+ Kb7 25. Kc3 Be6 26. Rb1 Kc8 27. Nb2 Kd7 28. Nd3 g5 29. a4 f5 30. exf5 Bxf5 31. Rf1 Be6 32. Nf2 Rag8 33. Ne4 Rg7 34. c5 1-0

[Event "Commonwealth-ch"]
[Site "New Delhi"]
[Date "2019.07.02"]
[Round "4"]
[White "Sa, Kannan"]
[Black "Sangma, Rahul"]
[Result "1/2-1/2"]
[WhiteElo "1947"]
[BlackElo "2298"]
[PlyCount "38"]
[EventDate "2019.06.30"]
[EventType "swiss"]
[EventRounds "9"]
[EventCountry "IND"]
[SourceTitle "CBM 191 Extra"]
[Source "ChessBase"]
[SourceDate "2019.09.30"]
[SourceVersion "1"]
[SourceVersionDate "2019.09.30"]
[SourceQuality "1"]

1. d4 Nf6 2. Nf3 e6 3. e3 b6 4. Nbd2 Bb7 5. Bd3 c5 6. c3 d5 7. Ne5 Nbd7 8. f4 g6 9. 0-0 Bg7 10. Qf3 0-0 11. b3 Ne8 12. Qh3 Nd6 13. Ndf3 Ne4 14. Bxe4 dxe4 15. Ng5 Nf6 16. Ng4 Nh5 17. Nf2 Nf6 18. Ng4 Nh5 19. Nf2 Nf6 1/2-1/2

[Event "Commonwealth-ch"]
[Site "New Delhi"]
[Date "2019.06.30"]
[Round "2"]
[White "Jigna, Joshi"]
[Black "Sangma, Rahul"]
[Result "0-1"]
[WhiteElo "1405"]
[BlackElo "2298"]
[PlyCount "58"]
[EventDate "2019.06.30"]
[EventType "swiss"]
[EventRounds "9"]
[EventCountry "IND"]
[SourceTitle "CBM 191 Extra"]
[Source "ChessBase"]
[SourceDate "2019.09.30"]
[SourceVersion "1"]
[SourceVersionDate "2019.09.30"]
[SourceQuality "1"]

1. e4 e5 2. Nf3 Nc6 3. Bc4 Bc5 4. c3 Qf6 5. d3 d6 6. Be3 Nge7 7. b4 Bb6 8. a4 a5 9. Bxb6 cxb6 10. b5 Nd8 11. Nbd2 Ne6 12. g3 0-0 13. h4 Qh6 14. Qe2 Kh8 15. Nf1 f5 16. N1h2 Bd7 17. Qd2 Qg6 18. exf5 Rxf5 19. Qe3 d5 20. Bb3 Nc5 21. Bc2 d4 22. cxd4 Nd5 23. Qd2 exd4 24. 0-0-0 Raf8 25. Nxd4 Qf6 26. Nb3 Rxf2 27. Qxf2 Nxb3+ 28. Bxb3 Qa1+ 29. Kd2 Qb2+ 0-1

[Event "Pune All India op 3rd"]
[Site "Pune"]
[Date "2019.05.01"]
[Round "6"]
[White "Bhagwat, Heramb"]
[Black "Sangma, Rahul"]
[Result "0-1"]
[WhiteElo "1765"]
[BlackElo "2297"]
[PlyCount "48"]
[EventDate "2019.04.29"]
[EventType "swiss"]
[EventRounds "8"]
[EventCountry "IND"]
[SourceTitle "CBM 190 Extra"]
[Source "ChessBase"]
[SourceDate "2019.07.15"]
[SourceVersion "1"]
[SourceVersionDate "2019.07.15"]
[SourceQuality "1"]

1. d4 Nf6 2. c4 e6 3. Nf3 Bb4+ 4. Nbd2 b6 5. e3 Bb7 6. Bd3 0-0 7. 0-0 c5 8. Qc2 Bxd2 9. Nxd2 Nc6 10. dxc5 Nb4 11. Qc3 Nxd3 12. Qxd3 bxc5 13. b3 Ng4 14. Bb2 Qg5 15. e4 Qf4 16. g3 Qh6 17. h4 Bc6 18. f3 Nf6 19. e5 Nh5 20. Kh2 f6 21. Ba3 fxe5 22. Bxc5 Rf4 23. g4 Rd4 24. Bxd4 Nf4 0-1

[Event "Pune All India op 3rd"]
[Site "Pune"]
[Date "2019.04.29"]
[Round "1"]
[White "Sangma, Rahul"]
[Black "Tejas, Bhimrao Arjun"]
[Result "1-0"]
[WhiteElo "2297"]
[BlackElo "1188"]
[PlyCount "57"]
[EventDate "2019.04.29"]
[EventType "swiss"]
[EventRounds "8"]
[EventCountry "IND"]
[SourceTitle "CBM 190 Extra"]
[Source "ChessBase"]
[SourceDate "2019.07.15"]
[SourceVersion "1"]
[SourceVersionDate "2019.07.15"]
[SourceQuality "1"]

1. c4 e5 2. g3 Nf6 3. Bg2 d5 4. cxd5 Nxd5 5. Nf3 Nc6 6. 0-0 Bc5 7. Nxe5 Bxf2+ 8. Rxf2 Nxe5 9. Qa4+ c6 10. Qd4 Qc7 11. Nc3 Nxc3 12. bxc3 0-0 13. Ba3 Rd8 14. Qf4 Rd7 15. Bh3 Ng6 16. Qxc7 Rxc7 17. Bd6 Bxh3 18. Bxc7 Re8 19. a4 b6 20. c4 Rc8 21. Bd6 Rd8 22. c5 Nf8 23. Bc7 Rxd2 24. cxb6 axb6 25. Bxb6 Rb2 26. a5 Nd7 27. e3 Rb5 28. Rd2 Be6 29. Rxd7 1-0

[Event "New Delhi Parsvnath op-A 17th"]
[Site "New Delhi"]
[Date "2019.01.15"]
[Round "9"]
[White "Mohammad, Nubairshah Shaikh"]
[Black "Sangma, Rahul"]
[Result "1-0"]
[WhiteElo "2437"]
[BlackElo "2298"]
[PlyCount "101"]
[EventDate "2019.01.09"]
[EventType "swiss"]
[EventRounds "10"]
[EventCountry "IND"]
[SourceTitle "CBM 188 Extra"]
[Source "ChessBase"]
[SourceDate "2019.02.26"]
[SourceVersion "1"]
[SourceVersionDate "2019.02.26"]
[SourceQuality "1"]

1. d4 e6 2. c4 Nf6 3. Nc3 Bb4 4. e3 0-0 5. Nge2 Re8 6. a3 Bf8 7. d5 exd5 8. cxd5 d6 9. Ng3 c5 10. Be2 g6 11. e4 Na6 12. 0-0 Nc7 13. Qc2 Bd7 14. b4 cxb4 15. axb4 a6 16. Be3 Rc8 17. Qd2 Bg7 18. Rfc1 Qe7 19. f3 h5 20. Bg5 Qf8 21. Nh1 Nh7 22. Be3 f5 23. Nf2 Qe7 24. Ra2 g5 25. Bd4 Bh6 26. Rac2 Qf8 27. Na4 g4 28. Be3 f4 29. Bd4 Na8 30. Rxc8 Rxc8 31. Rxc8 Bxc8 32. e5 g3 33. Ne4 gxh2+ 34. Kxh2 Bd7 35. Nac3 dxe5 36. Bxe5 Qe7 37. Qd4 Qh4+ 38. Kg1 Qe1+ 39. Bf1 Qe3+ 40. Qxe3 fxe3 41. Bc4 Nb6 42. Bb3 Be8 43. Kf1 Nd7 44. Bd4 Bf8 45. Nc5 Nxc5 46. bxc5 Bg7 47. d6+ Kf8 48. Bxg7+ Kxg7 49. Ke2 Bc6 50. Bd5 Bxd5 51. d7 1-0

[Event "Mumbai Wealth op 4th"]
[Site "Mumbai"]
[Date "2019.01.07"]
[Round "9"]
[White "Sangma, Rahul"]
[Black "Mohammad, Nubairshah Shaikh"]
[Result "0-1"]
[WhiteElo "2289"]
[BlackElo "2437"]
[PlyCount "66"]
[EventDate "2018.12.30"]
[EventType "swiss"]
[EventRounds "9"]
[EventCountry "IND"]
[SourceTitle "CBM 188 Extra"]
[Source "ChessBase"]
[SourceDate "2019.02.26"]
[SourceVersion "1"]
[SourceVersionDate "2019.02.26"]
[SourceQuality "1"]

1. c4 g6 2. Nf3 Nf6 3. b3 Bg7 4. Bb2 0-0 5. g3 c6 6. Bg2 d5 7. 0-0 a5 8. Nc3 Ne4 9. d4 Bf5 10. Nh4 Nxc3 11. Bxc3 Be6 12. Qd3 Na6 13. cxd5 cxd5 14. Qd2 Nb8 15. f4 Bf5 16. Nxf5 gxf5 17. g4 fxg4 18. f5 Kh8 19. e4 dxe4 20. f6 exf6 21. Bxe4 Nc6 22. Qf4 Nxd4 23. Kh1 f5 24. Bxd4 Bxd4 25. Qxf5 Qh4 26. Rad1 Rad8 27. Rf4 Bc3 28. Bd3 Rg8 29. Rdf1 Rg5 30. Qxf7 Qh3 31. Qe7 Rdg8 32. Rf8 g3 33. Rxg8+ Rxg8 0-1

[Event "Mumbai Wealth op 4th"]
[Site "Mumbai"]
[Date "2019.01.02"]
[Round "4"]
[White "Movsziszian, Karen"]
[Black "Sangma, Rahul"]
[Result "1-0"]
[WhiteElo "2505"]
[BlackElo "2289"]
[PlyCount "255"]
[EventDate "2018.12.30"]
[EventType "swiss"]
[EventRounds "9"]
[EventCountry "IND"]
[SourceTitle "CBM 188 Extra"]
[Source "ChessBase"]
[SourceDate "2019.02.26"]
[SourceVersion "1"]
[SourceVersionDate "2019.02.26"]
[SourceQuality "1"]

1. g3 e5 2. c4 Nf6 3. Bg2 d5 4. cxd5 Nxd5 5. Nf3 Nc6 6. 0-0 Be7 7. d4 exd4 8. Nxd4 Nxd4 9. Qxd4 Nf6 10. Qa4+ c6 11. e4 0-0 12. Nc3 Be6 13. h3 Qb6 14. Qc2 Rad8 15. Be3 Qa5 16. a3 Bd6 17. Rfe1 Be5 18. b4 Qa6 19. f4 Bd4 20. f5 Bc4 21. Bxd4 Rxd4 22. e5 Nd5 23. Ne4 Bd3 24. Qf2 Bxe4 25. Qxd4 Bxf5 26. a4 Qd3 27. Qxd3 Bxd3 28. b5 Nb4 29. bxc6 bxc6 30. Rac1 Rc8 31. Rc5 Bc2 32. Ra1 Kf8 33. a5 Bf5 34. g4 Bd7 35. Rb1 Nd3 36. Rc3 Nxe5 37. Rb7 Ke8 38. Rcb3 a6 39. Bf1 c5 40. Rb8 Rxb8 41. Rxb8+ Ke7 42. Bxa6 Nc6 43. Rb5 Nb4 44. Rb6 Nc6 45. Bc4 Nxa5 46. Bd5 c4 47. Ra6 Nb3 48. Ra7 Nc5 49. Bxc4 f6 50. Kf2 Kd6 51. Ke3 h6 52. Kd4 g6 53. Ra5 Ne6+ 54. Bxe6 Bxe6 55. Ra6+ Ke7 56. Ra7+ Kf8 57. Kc5 h5 58. Kd6 Bc4 59. gxh5 gxh5 60. h4 Bb3 61. Rb7 Bc4 62. Rb4 Be2 63. Ke6 Kg7 64. Rb7+ Kg6 65. Rb6 Kg7 66. Ke7 f5 67. Rf6 Bg4 68. Rf8 Bh3 69. Rf7+ Kg6 70. Rf6+ Kg7 71. Ke6 Bg4 72. Ke5 Bh3 73. Ra6 Kf7 74. Kf4 Bg4 75. Kg5 Ke7 76. Rf6 Ke8 77. Kf4 Ke7 78. Ke5 Bh3 79. Rh6 Bg4 80. Rh7+ Ke8 81. Ra7 Bh3 82. Rb7 Bg4 83. Rh7 Kd8 84. Ke6 f4+ 85. Kd6 Ke8 86. Re7+ Kf8 87. Re4 f3 88. Rf4+ Kg8 89. Ke7 Kg7 90. Rf6 f2 91. Rxf2 Kg6 92. Kd6 Bh3 93. Ke5 Bg4 94. Rf6+ Kg7 95. Rb6 Be2 96. Kf5 Bg4+ 97. Kg5 Bd1 98. Rb7+ Kg8 99. Kg6 Kf8 100. Rb4 Bg4 101. Re4 Bd1 102. Re5 Bc2+ 103. Kxh5 Kg7 104. Kg5 Bg6 105. Re7+ Bf7 106. Ra7 Kg8 107. Kh6 Bc4 108. Rg7+ Kh8 109. Rh7+ Kg8 110. Rc7 Bd3 111. Rc8+ Kf7 112. Rc3 Be4 113. Rg3 Bc2 114. Rg7+ Kf8 115. Rg3 Kf7 116. Rg2 Bd3 117. Rg1 Kf8 118. Rg2 Kf7 119. Rd2 Be4 120. Re2 Bd3 121. Rg2 Kf8 122. Rg7 Bc2 123. Rg3 Kf7 124. Rg5 Kf8 125. Kh5 Bd1+ 126. Kg6 Kg8 127. Rc5 Bg4 128. Rb5 1-0

[Event "Mumbai Wealth op 4th"]
[Site "Mumbai"]
[Date "2018.12.31"]
[Round "2"]
[White "Tran, Tuan Minh"]
[Black "Sangma, Rahul"]
[Result "1-0"]
[WhiteElo "2524"]
[BlackElo "2289"]
[PlyCount "47"]
[EventDate "2018.12.30"]
[EventType "swiss"]
[EventRounds "9"]
[EventCountry "IND"]
[SourceTitle "CBM 188 Extra"]
[Source "ChessBase"]
[SourceDate "2019.02.26"]
[SourceVersion "1"]
[SourceVersionDate "2019.02.26"]
[SourceQuality "1"]

1. d4 Nf6 2. c4 e6 3. Nc3 Bb4 4. f3 0-0 5. a3 Bxc3+ 6. bxc3 Nh5 7. Nh3 f5 8. e4 fxe4 9. Bg5 Nf6 10. Nf2 h6 11. Bh4 Qe8 12. Bxf6 Rxf6 13. Nxe4 Rf8 14. Bd3 e5 15. 0-0 d6 16. Re1 Nc6 17. c5 Qe7 18. Rb1 Kh8 19. Bc2 b6 20. Ng3 bxc5 21. Qd3 g5 22. dxc5 dxc5 23. Qd5 Qd6 24. Qe4 1-0

[Event "Chennai op 10th"]
[Site "Chennai"]
[Date "2018.01.21"]
[Round "5"]
[White "Sangma, Rahul"]
[Black "Barath, Kalyan M"]
[Result "0-1"]
[WhiteElo "2332"]
[BlackElo "2022"]
[PlyCount "60"]
[EventDate "2018.01.18"]
[EventType "swiss"]
[EventRounds "10"]
[EventCountry "IND"]
[SourceTitle "CBM 182 Extra"]
[Source "ChessBase"]
[SourceDate "2018.02.23"]
[SourceVersion "1"]
[SourceVersionDate "2018.02.23"]
[SourceQuality "1"]

1. Nf3 Nf6 2. c4 b6 3. g3 Bb7 4. Bg2 c5 5. 0-0 g6 6. a3 Bg7 7. Nc3 0-0 8. b3 d5 9. cxd5 Nxd5 10. Bb2 Nc6 11. Qc2 e5 12. e3 Rc8 13. Nxd5 Qxd5 14. d3 Na5 15. Bc3 Nxb3 16. Rab1 Nd4 17. Bxd4 cxd4 18. Qa4 dxe3 19. Nh4 exf2+ 20. Kh1 Bc6 21. Qxa7 Qxd3 22. Qxb6 Bxg2+ 23. Nxg2 Rb8 24. Qxb8 Rxb8 25. Rxb8+ Bf8 26. Rxf2 Qd1+ 27. Ne1 Qxe1+ 28. Kg2 Kg7 29. Rbb2 Bc5 30. Rbe2 Bxf2 0-1

[Event "New Delhi Parsvnath op-A 16th"]
[Site "New Delhi"]
[Date "2018.01.16"]
[Round "10"]
[White "Sangma, Rahul"]
[Black "Nguyen, Duc Hoa"]
[Result "0-1"]
[WhiteElo "2332"]
[BlackElo "2490"]
[PlyCount "62"]
[EventDate "2018.01.09"]
[EventType "swiss"]
[EventRounds "10"]
[EventCountry "IND"]
[SourceTitle "CBM 182 Extra"]
[Source "ChessBase"]
[SourceDate "2018.02.23"]
[SourceVersion "1"]
[SourceVersionDate "2018.02.23"]
[SourceQuality "1"]

1. e4 c5 2. Nf3 d6 3. d4 cxd4 4. Nxd4 Nf6 5. Nc3 g6 6. Be3 Bg7 7. f3 a6 8. Qd2 b5 9. a4 b4 10. Nd5 Nxd5 11. exd5 Qa5 12. Bc4 0-0 13. 0-0 Bb7 14. Nb3 Qc7 15. Qxb4 Nd7 16. Bd4 Bxd4+ 17. Nxd4 Rab8 18. Ba2 Bxd5 19. Qd2 Ba8 20. Kh1 Rxb2 21. Bb3 Rb8 22. Rfe1 Ne5 23. Qc1 Nc4 24. Qg5 Qc5 25. Qh4 Ne5 26. Rad1 Rb4 27. Qxe7 Rxd4 28. Rxd4 Qxd4 29. Qd8+ Kg7 30. Qxa8 Rxb3 31. cxb3 Nd3 0-1

[Event "Bhopal op"]
[Site "Bhopal"]
[Date "2017.12.27"]
[Round "9"]
[White "Sangma, Rahul"]
[Black "Nguyen, Duc Hoa"]
[Result "0-1"]
[WhiteElo "2311"]
[BlackElo "2504"]
[PlyCount "84"]
[EventDate "2017.12.21"]
[EventType "swiss"]
[EventRounds "10"]
[EventCountry "IND"]
[SourceTitle "CBM 182 Extra"]
[Source "ChessBase"]
[SourceDate "2018.02.23"]
[SourceVersion "1"]
[SourceVersionDate "2018.02.23"]
[SourceQuality "1"]

1. c4 e6 2. g3 d5 3. Nf3 dxc4 4. Qa4+ Bd7 5. Qxc4 c5 6. Ne5 Nc6 7. Nxd7 Qxd7 8. Bg2 Nf6 9. Qa4 Rc8 10. d3 Be7 11. Nc3 a6 12. a3 0-0 13. 0-0 Rfd8 14. Be3 Nd5 15. Nxd5 exd5 16. Rac1 b5 17. Qd1 Na5 18. Bd2 Nc6 19. Be3 Ne5 20. Bxc5 Rxc5 21. Rxc5 Bxc5 22. d4 Bxa3 23. bxa3 Nc4 24. Qd3 Qd6 25. Ra1 g6 26. e3 a5 27. Qc3 h5 28. h4 Re8 29. Bf1 Rb8 30. Bxc4 Qc7 31. Rb1 dxc4 32. e4 b4 33. axb4 axb4 34. Qc2 c3 35. Qb3 Qb6 36. Qc4 Qb5 37. Qb3 Qd3 38. e5 Qe2 39. Ra1 Rc8 40. e6 fxe6 41. Qa4 c2 42. Kg2 Rf8 0-1

[Event "Bhopal op"]
[Site "Bhopal"]
[Date "2017.12.25"]
[Round "7"]
[White "Wohl, Aleksandar H"]
[Black "Sangma, Rahul"]
[Result "0-1"]
[WhiteElo "2370"]
[BlackElo "2311"]
[PlyCount "50"]
[EventDate "2017.12.21"]
[EventType "swiss"]
[EventRounds "10"]
[EventCountry "IND"]
[SourceTitle "CBM 182 Extra"]
[Source "ChessBase"]
[SourceDate "2018.02.23"]
[SourceVersion "1"]
[SourceVersionDate "2018.02.23"]
[SourceQuality "1"]

1. e4 e5 2. Nf3 Nc6 3. Bb5 a6 4. Ba4 Nf6 5. d3 b5 6. Bb3 Bc5 7. Nc3 d6 8. a4 Rb8 9. axb5 axb5 10. Nd5 Bg4 11. c3 h6 12. Be3 Bxe3 13. fxe3 Nxd5 14. Bxd5 Ne7 15. Bb3 Ng6 16. 0-0 0-0 17. Qe1 Qd7 18. Ra7 Ra8 19. Qa1 Rxa7 20. Qxa7 Kh7 21. d4 f5 22. exf5 Qxf5 23. dxe5 Bxf3 24. gxf3 Nh4 25. Bd5 Qg6+ 0-1

[Event "Bhopal op"]
[Site "Bhopal"]
[Date "2017.12.24"]
[Round "5"]
[White "Sangma, Rahul"]
[Black "Atalik, Suat"]
[Result "1/2-1/2"]
[WhiteElo "2311"]
[BlackElo "2545"]
[PlyCount "41"]
[EventDate "2017.12.21"]
[EventType "swiss"]
[EventRounds "10"]
[EventCountry "IND"]
[SourceTitle "CBM 183"]
[Source "ChessBase"]
[SourceDate "2018.03.14"]
[SourceVersion "1"]
[SourceVersionDate "2018.03.14"]
[SourceQuality "1"]

1. e4 e5 2. Nf3 Nc6 3. Bb5 Nf6 4. 0-0 Nxe4 5. Re1 Nd6 6. Nxe5 Be7 7. Bf1 Nxe5 8. Rxe5 0-0 9. d4 Bf6 10. Re1 Re8 11. Rxe8+ Nxe8 12. d5 d6 13. c3 Bg5 14. Nd2 Bd7 15. h3 Nf6 16. Nc4 Bxc1 17. Rxc1 a5 18. Ne3 Qb8 19. Qd4 Qa7 20. Qxa7 Rxa7 21. Rd1 1/2-1/2

[Event "Hyderabad op"]
[Site "Hyderabad"]
[Date "2017.09.28"]
[Round "8"]
[White "Sangma, Rahul"]
[Black "Pradeep, Kumar RA"]
[Result "1-0"]
[WhiteElo "2311"]
[BlackElo "2227"]
[PlyCount "145"]
[EventDate "2017.09.25"]
[EventType "swiss"]
[EventRounds "10"]
[EventCountry "IND"]
[SourceTitle "EXT 2018"]
[Source "ChessBase"]
[SourceDate "2017.10.13"]
[SourceVersion "1"]
[SourceVersionDate "2017.10.13"]
[SourceQuality "1"]

1. Nf3 Nf6 2. b3 g6 3. Bb2 Bg7 4. g3 0-0 5. Bg2 d6 6. d4 Nbd7 7. c4 e5 8. dxe5 Ng4 9. 0-0 dxe5 10. h3 Nh6 11. e4 Re8 12. Qc2 c6 13. c5 Qe7 14. Rc1 f6 15. Nbd2 Nf7 16. b4 b6 17. cxb6 Nxb6 18. a3 Nd6 19. Nb3 Be6 20. Na5 Nbc4 21. Nxc4 Nxc4 22. Bf1 Nxb2 23. Qxb2 Rec8 24. Ba6 Rc7 25. Bc4 Bxc4 26. Rxc4 f5 27. Qc2 Qf6 28. Rc1 fxe4 29. Qxe4 Rf8 30. R1c3 Qf5 31. Qxf5 Rxf5 32. Nh4 Rff7 33. Rxc6 Rcd7 34. Rc8+ Bf8 35. Nf3 e4 36. Ng5 Rfe7 37. R8c4 Bg7 38. Re3 Bh6 39. h4 Bxg5 40. hxg5 Re5 41. f4 Red5 42. Rcxe4 Rd2 43. Re7 Rd8 44. Re8+ Rxe8 45. Rxe8+ Kf7 46. Re5 Ra2 47. Ra5 Ke6 48. g4 Rc2 49. f5+ Kd6 50. Ra6+ Ke5 51. Rxa7 gxf5 52. gxf5 Kxf5 53. Rxh7 Kxg5 54. a4 Rb2 55. Rb7 Ra2 56. a5 Kf5 57. Rb6 Kf4 58. a6 Kg3 59. Rg6+ Kf3 60. b5 Ra1+ 61. Kh2 Ra5 62. Rb6 Ra2+ 63. Kh3 Ra1 64. Kh4 Kf4 65. Kh5 Kf5 66. Kh6 Rh1+ 67. Kg7 Rg1+ 68. Kf8 Ra1 69. Rb7 Ke6 70. a7 Rf1+ 71. Ke8 Rh1 72. Rb6+ Ke5 73. Ra6 1-0